<?xml version="1.0" encoding="UTF-8"?><?xml-stylesheet type="text/xsl" href="static/style.xsl"?><OAI-PMH xmlns="http://www.openarchives.org/OAI/2.0/" xmlns:xsi="http://www.w3.org/2001/XMLSchema-instance" xsi:schemaLocation="http://www.openarchives.org/OAI/2.0/ http://www.openarchives.org/OAI/2.0/OAI-PMH.xsd"><responseDate>2026-04-27T21:34:48Z</responseDate><request verb="GetRecord" identifier="oai:uvadoc.uva.es:10324/28370" metadataPrefix="marc">https://uvadoc.uva.es/oai/request</request><GetRecord><record><header><identifier>oai:uvadoc.uva.es:10324/28370</identifier><datestamp>2021-06-29T19:53:13Z</datestamp><setSpec>com_10324_38</setSpec><setSpec>col_10324_852</setSpec></header><metadata><record xmlns="http://www.loc.gov/MARC21/slim" xmlns:doc="http://www.lyncode.com/xoai" xmlns:xsi="http://www.w3.org/2001/XMLSchema-instance" xmlns:dcterms="http://purl.org/dc/terms/" xsi:schemaLocation="http://www.loc.gov/MARC21/slim http://www.loc.gov/standards/marcxml/schema/MARC21slim.xsd">
<leader>00925njm 22002777a 4500</leader>
<datafield tag="042" ind1=" " ind2=" ">
<subfield code="a">dc</subfield>
</datafield>
<datafield tag="720" ind1=" " ind2=" ">
<subfield code="a">Pérez Sampedro, Raquel</subfield>
<subfield code="e">author</subfield>
</datafield>
<datafield tag="260" ind1=" " ind2=" ">
<subfield code="c">2017</subfield>
</datafield>
<datafield tag="520" ind1=" " ind2=" ">
<subfield code="a">En el Trabajo de Fin de Grado (TFG) titulado “Análisis comparativo entre spots de promoción turística en los cinco continentes tras el surgimiento del fenómeno Travel 2.0 ” se analizan distintas piezas comerciales de carácter audiovisual realizadas a lo largo de los últimos siete años para publicitar destinos turísticos alrededor de todo el mundo. Se ha escogido una pieza de cada uno de los cienco continentes para conseguir una mayor diversidad cultural (Australia, Corea del Sur, España, Perú y Sudáfrica). La prioridad del presente estudio es dar a conocer, a partir de un minucioso análisis audiovisual y socioeconómico, los distintos tipos de spots y campañas turísticas tras el fenómeno Travel 2.0, y en particular se pretende manifestar cómo sus diferentes estilos y resultados cambian en función de las características socioculturales de los destinos y cómo quieren las instituciones públicas que éstos sean percibidos por los potenciales turistas.</subfield>
</datafield>
<datafield tag="024" ind2=" " ind1="8">
<subfield code="a">http://uvadoc.uva.es/handle/10324/28370</subfield>
</datafield>
<datafield ind1=" " ind2=" " tag="653">
<subfield code="a">Turismo-Marketing</subfield>
</datafield>
<datafield ind1=" " ind2=" " tag="653">
<subfield code="a">Turismo–Innovaciones tecnológicas</subfield>
</datafield>
<datafield tag="245" ind1="0" ind2="0">
<subfield code="a">Análisis comparativo entre spots de promoción turística en los cinco continentes tras el surgimiento del fenómeno Travel 2.0</subfield>
</datafield>
</record></metadata></record></GetRecord></OAI-PMH>